Property Week supplement (Record no. 77401)

MARC details
000 -LEADER
fixed length control field 01194cab a2200253 4500
001 - CONTROL NUMBER
control field ##L134196
008 - FIXED-LENGTH DATA ELEMENTS--GENERAL INFORMATION
fixed length control field 060717n2006 000 0 eng u
035 ## - SYSTEM CONTROL NUMBER
System control number (Sirsi) u134196
041 0# - LANGUAGE CODE
Language code of text/sound track or separate title eng
100 1# - MAIN ENTRY--PERSONAL NAME
Personal name McAllister, Sean
245 00 - TITLE STATEMENT
Title Property Week supplement
Remainder of title Midlands
260 ## - PUBLICATION, DISTRIBUTION, ETC.
Date of publication, distribution, etc. 2006
490 #0 - SERIES STATEMENT
Series statement Property Week
Volume/sequential designation 71(28) 14 July 2006, (15) (LOAN)
520 ## - SUMMARY, ETC.
Summary, etc. Looks at the vital need for more retail space in the west Midlands, as suggested by a new study; the decision on whether automobile manufacture will continue at Longbridge; news that Severn Trent is selling its property arm which is exciting the shed market; strife between Leicester Regeneration and the developer of St George's Tower; the stormy collapse of a deal intended to secure the future of the British Grand Prix at Silverstone; developers queuing up to start schemes in Birmingham's Eastside; and industrial research occupiers figures.
590 ## - LOCAL NOTE (RLIN)
Local note IKA180706
651 #4 - SUBJECT ADDED ENTRY--GEOGRAPHIC NAME
Geographic name MIDLANDS
651 #4 - SUBJECT ADDED ENTRY--GEOGRAPHIC NAME
Geographic name LONGBRIDGE
651 #4 - SUBJECT ADDED ENTRY--GEOGRAPHIC NAME
Geographic name LEICESTER
651 #4 - SUBJECT ADDED ENTRY--GEOGRAPHIC NAME
Geographic name SILVERSTONE
651 #4 - SUBJECT ADDED ENTRY--GEOGRAPHIC NAME
Geographic name BIRMINGHAM
690 ## - LOCAL SUBJECT ADDED ENTRY--TOPICAL TERM (OCLC, RLIN)
Topical term or geographic name as entry element PROPERTY-COMMERCIAL PROPERTY-COMMERCIAL PROPERTY MARKET
700 1# - ADDED ENTRY--PERSONAL NAME
Personal name Watson, Stuart
942 ## - ADDED ENTRY ELEMENTS (KOHA)
Suppress in OPAC 0
Holdings
Withdrawn status Lost status Source of classification or shelving scheme Damaged status Not for loan Home library Current library Shelving location Date acquired Total Checkouts Full call number Barcode Date last seen Copy number Price effective from Koha item type
    Dewey Decimal Classification     London London Journal article 17/07/2006   L134196 30071953 06/08/2019 1 06/08/2019 Journal article